Online katalóg knižníc regiónu Turca

Z klenotnice pohádek / (Record no. 21669)

MARC details
000 -LEADER
fixed length control field 01303cam a2200397 i 4500
001 - CONTROL NUMBER
control field 21669
003 - CONTROL NUMBER IDENTIFIER
control field CZ PrNK
005 - DATE AND TIME OF LATEST TRANSACTION
control field 20260307125934.0
007 - PHYSICAL DESCRIPTION FIXED FIELD--GENERAL INFORMATION
fixed length control field ta
008 - FIXED-LENGTH DATA ELEMENTS--GENERAL INFORMATION
fixed length control field 980429t19941994xxuac b 000 f cze
020 ## - INTERNATIONAL STANDARD BOOK NUMBER
International Standard Book Number 1551859793
Qualifying information (vázáno)
035 ## - SYSTEM CONTROL NUMBER
System control number (OCoLC)39347522
040 ## - CATALOGING SOURCE
Original cataloging agency NLC
Language of cataloging cze
Transcribing agency NLC
Modifying agency OCLCF
-- OCLCO
-- OCLCQ
-- ABA001
Description conventions rda
041 1# - LANGUAGE CODE
Language code of text/sound track or separate title cze
Language code of intermediate translations eng
Language code of original fre
072 #7 - SUBJECT CATEGORY CODE
Subject category code 821-93
Subject category code subdivision Literatura pro děti a mládež (beletrie)
Source Konspekt
080 ## - UNIVERSAL DECIMAL CLASSIFICATION NUMBER
Universal Decimal Classification number 821-34
Edition identifier MRF
080 ## - UNIVERSAL DECIMAL CLASSIFICATION NUMBER
Universal Decimal Classification number 821-93
Edition identifier MRF
080 ## - UNIVERSAL DECIMAL CLASSIFICATION NUMBER
Universal Decimal Classification number (0:82-34)
Edition identifier MRF
245 00 - TITLE STATEMENT
Title Z klenotnice pohádek /
Statement of responsibility, etc. ilustrovala Annie-Claude Martin
250 ## - EDITION STATEMENT
Edition statement Zvláštní vydání pro DS-Max
264 #1 - PRODUCTION, PUBLICATION, DISTRIBUTION, MANUFACTURE, AND COPYRIGHT NOTICE
Place of production, publication, distribution, manufacture Richmond Hill, ON :
Name of producer, publisher, distributor, manufacturer DS-Max,
Date of production, publication, distribution, manufacture, or copyright notice [1994]
264 #4 - PRODUCTION, PUBLICATION, DISTRIBUTION, MANUFACTURE, AND COPYRIGHT NOTICE
Date of production, publication, distribution, manufacture, or copyright notice ©1994
300 ## - PHYSICAL DESCRIPTION
Extent 400 stran :
Other physical details barevné ilustrace, portréty ;
Dimensions 29 cm
336 ## - CONTENT TYPE
Content type term text
Content type code txt
Source rdacontent
337 ## - MEDIA TYPE
Media type term bez média
Media type code n
Source rdamedia
338 ## - CARRIER TYPE
Carrier type term svazek
Carrier type code nc
Source rdacarrier
500 ## - GENERAL NOTE
General note Přeloženo z anglické verze francouzských originálů?
655 #7 - INDEX TERM--GENRE/FORM
Genre/form data or focus term pohádky
Source of term czenas
655 #7 - INDEX TERM--GENRE/FORM
Genre/form data or focus term publikace pro děti
Source of term czenas
655 #9 - INDEX TERM--GENRE/FORM
Genre/form data or focus term fairy tales
Source of term eczenas
655 #9 - INDEX TERM--GENRE/FORM
Genre/form data or focus term children's literature
Source of term eczenas
700 1# - ADDED ENTRY--PERSONAL NAME
Personal name Martin, Annie-Claude,
Dates associated with a name 1943-
Relationship ill
765 08 - ORIGINAL LANGUAGE ENTRY
Relationship information Název anglické verze:
Title Traditional fairy tales
910 ## - USER-OPTION DATA (OCLC)
User-option data ABA001
942 ## - ADDED ENTRY ELEMENTS (KOHA)
Source of classification or shelving scheme Dewey Decimal Classification
Koha item type Krásna literatúra pre deti
Suppress in OPAC No
Holdings
Stav vyradenia Strata Poškodenie Spôsob nadobudnutia Domovská knižnica Aktuálna knižnica Dátum nadobudnutia Total checkouts Čiarový kód exemplára Date last seen Typ exemplára
      Dar Obecná knižnica Horná Štubňa Obecná knižnica Horná Štubňa 07.03.2026   9780831733988 07.03.2026 Krásna literatúra pre deti
Projekt je podporený Slovenskou asociáciou knižníc
Prevádzkuje Turčianska knižnica Martin 2026